[Event "SVK-ch op-B"]
[Site "Banska Stiavnica"]
[Date "2012.07.07"]
[Round "1"]
[White "Janik, Piotr"]
[Black "Zakovicova, Silvia"]
[Result "1-0"]
[WhiteElo "2012"]
[BlackElo "1638"]
[PlyCount "65"]
[EventDate "2012.07.07"]
[EventType "swiss"]
[EventRounds "9"]
[EventCountry "SVK"]
[SourceTitle "CBM 149 Extra"]
[Source "ChessBase"]
[SourceDate "2012.08.24"]
[SourceVersion "1"]
[SourceVersionDate "2012.08.24"]
[SourceQuality "1"]

1. d4 d5 2. c4 e6 3. Nc3 b6 4. cxd5 exd5 5. Nf3 Nf6 6. Bg5 Nbd7 7. Nxd5 Bb7 8. Nxf6+ Nxf6 9. Qa4+ c6 10. e3 Bd6 11. Be2 0-0 12. 0-0 h6 13. Bh4 g5 14. Bg3 Be7 15. Ne5 Ne4 16. Nxc6 Bxc6 17. Qxc6 Nxg3 18. hxg3 Kg7 19. Bd3 Rh8 20. Rac1 Bd6 21. Qd5 Qe7 22. Rc6 Rad8 23. Qf5 h5 24. e4 Bb8 25. e5 Rxd4 26. f4 g4 27. Rfc1 a5 28. Rf6 Bc7 29. Rxc7 Qxc7 30. e6 Qc1+ 31. Kh2 Kf8 32. Rxf7+ Ke8 33. Qb5+ 1-0

[Event "SVK-chT3B2 1112"]
[Site "Slovakia"]
[Date "2011.10.23"]
[Round "1.2"]
[White "Adamik, Frantisek"]
[Black "Zakovicova, Silvia"]
[Result "1/2-1/2"]
[WhiteElo "1891"]
[BlackElo "1624"]
[PlyCount "47"]
[EventDate "2011.10.23"]
[EventType "team-tourn"]
[EventRounds "9"]
[EventCountry "SVK"]
[SourceTitle "EXT 2013"]
[Source "ChessBase"]
[SourceDate "2012.11.22"]
[SourceVersion "1"]
[SourceVersionDate "2012.11.22"]
[SourceQuality "1"]
[WhiteTeam "Lehota pod Vtacnikom"]
[BlackTeam "Prievidza SK IV"]
[WhiteTeamCountry "SVK"]
[BlackTeamCountry "SVK"]

1. e4 e6 2. Nf3 Nc6 3. Nc3 Bb4 4. Bb5 a6 5. Bxc6 bxc6 6. Ne2 Bb7 7. c3 Be7 8. d4 d5 9. exd5 cxd5 10. 0-0 c5 11. Qa4+ Qd7 12. Qxd7+ Kxd7 13. Ne5+ Ke8 14. Be3 Rc8 15. dxc5 Bxc5 16. Bxc5 Rxc5 17. Rfe1 Nf6 18. Nd4 Nd7 19. Nd3 Rc7 20. Nf5 g6 21. Nd6+ Ke7 22. Nxb7 Rxb7 23. Nb4 Kd6 24. Nd3 1/2-1/2

[Event "SVK-ch U16 Girls"]
[Site "Sliac"]
[Date "2011.04.01"]
[Round "2"]
[White "Sagiova, Marika"]
[Black "Zakovicova, Silvia"]
[Result "1/2-1/2"]
[WhiteElo "1696"]
[BlackElo "1662"]
[PlyCount "77"]
[EventDate "2011.03.31"]
[EventType "swiss"]
[EventRounds "7"]
[EventCountry "SVK"]
[SourceTitle "CBM 141 Extra"]
[Source "ChessBase"]
[SourceDate "2011.05.03"]
[SourceVersion "1"]
[SourceVersionDate "2011.05.03"]
[SourceQuality "1"]

1. e4 e5 2. Nf3 Nf6 3. Nc3 d6 4. d4 Nbd7 5. dxe5 dxe5 6. Bg5 Be7 7. Bd3 0-0 8. 0-0 b6 9. Ne2 Bb7 10. Ng3 h6 11. Bd2 Nc5 12. Qe2 Nfd7 13. Bc3 Nxd3 14. cxd3 f6 15. Nf5 Nc5 16. Rfd1 Ne6 17. N3h4 Bc5 18. Qg4 Ng5 19. Ng6 Rf7 20. h4 Ne6 21. Nxh6+ gxh6 22. Qxe6 Bc8 23. Qc4 Kg7 24. h5 Bg4 25. Rd2 Bxh5 26. Nh4 Rd7 27. Nf5+ Kh7 28. d4 exd4 29. Bxd4 Bxd4 30. Rxd4 Rxd4 31. Nxd4 c5 32. Nf5 Qg8 33. Qd3 Rd8 34. Qh3 Qg4 35. Qc3 Rg8 36. g3 Qxe4 37. Qxf6 Bg6 38. Ne7 Re8 39. Nxg6 1/2-1/2

[Event "Brezova op"]
[Site "Brezova pod Bradlom"]
[Date "2010.08.24"]
[Round "4"]
[White "Zakovicova, Silvia"]
[Black "Rozarova, Katarina"]
[Result "0-1"]
[WhiteElo "1489"]
[BlackElo "1581"]
[PlyCount "66"]
[EventDate "2010.08.22"]
[EventType "swiss"]
[EventRounds "9"]
[EventCountry "SVK"]
[SourceTitle "CBM 138 Extra"]
[Source "ChessBase"]
[SourceDate "2010.10.29"]
[SourceVersion "1"]
[SourceVersionDate "2010.10.29"]
[SourceQuality "1"]

1. e4 c5 2. Nf3 d6 3. Nc3 Nf6 4. d4 cxd4 5. Nxd4 a6 6. Bg5 Nbd7 7. Be2 e5 8. Nf5 h6 9. Be3 Nb6 10. 0-0 Bxf5 11. exf5 Be7 12. Bf3 Qc7 13. Qd2 Nc4 14. Qc1 0-0 15. Nd5 Nxd5 16. Bxd5 Rac8 17. c3 Nxe3 18. fxe3 Bg5 19. Rf3 b5 20. Qd2 Rfe8 21. a4 e4 22. Rff1 Qc5 23. Rfe1 Rc7 24. axb5 axb5 25. Rac1 Re5 26. Ba2 Rxf5 27. b4 Qc6 28. Qd4 Bf6 29. Qd1 Bxc3 30. Rf1 Rxf1+ 31. Qxf1 Qb7 32. Rb1 Qa7 33. Qf2 Bxb4 0-1

[Event "Brezova op"]
[Site "Brezova pod Bradlom"]
[Date "2010.08.23"]
[Round "2"]
[White "Sosovicka, Matej"]
[Black "Zakovicova, Silvia"]
[Result "1-0"]
[WhiteElo "1875"]
[BlackElo "1489"]
[PlyCount "43"]
[EventDate "2010.08.22"]
[EventType "swiss"]
[EventRounds "9"]
[EventCountry "SVK"]
[SourceTitle "CBM 138 Extra"]
[Source "ChessBase"]
[SourceDate "2010.10.29"]
[SourceVersion "1"]
[SourceVersionDate "2010.10.29"]
[SourceQuality "1"]

1. e4 e5 2. Nf3 Nc6 3. Bb5 a6 4. Ba4 Nf6 5. 0-0 b5 6. Bb3 Be7 7. Re1 0-0 8. c3 Na5 9. Nxe5 Nxb3 10. Qxb3 c6 11. d4 Bd6 12. Nf3 Be7 13. Bg5 h6 14. Bh4 d6 15. e5 Be6 16. Qc2 g5 17. exf6 gxh4 18. Rxe6 Qd7 19. Rxe7 Qc8 20. Qe4 Kh8 21. Qxh4 Kh7 22. Qh5 1-0